000 00844nam a2200253Ia 4500
003 OSt
005 20220925232513.0
006 a|||||r|||| 00| 0
007 ta
008 220923b |||||||| |||| 00| 0 eng d
020 _a9788179927656
_c276.25
037 _b534/PBD/07-08, 11/01/2008, PIONEER BOOK DISTRIBUTORS
_cGeneral Book
040 _aRTL
_cRTL
_beng
041 _2eng
_aeng
082 _aXM5:6, P7
100 _aNewquist Scott C
_9297383
245 0 _aCorporate governance
_b A financial perspective
260 _aMumbai
_bJaico Publishing House India
_c2007
300 _axxviii, 202p
_ccm.
650 _aCommerce
700 _a Russell Max B
_9297384
942 _hXM5:6, P7
_cGB
_2CC
999 _c591516
_d591516